000 00739nam a22002177a 4500
003 UA-OsUOA
001 121661
007 ta
008 20170327b un ||||| |||| 00| 0 ukr d
100 _aПоліщук В.
090 _a76
_bП50
942 _cSA
040 _aUA-OsUOA
_bukr
_cUA-OsUOA
_dUA-OsUOA
245 _aЄлисаветградське життя і сцена Гната Юри. Один із туристичних маршрутів Кропивницького могли б присвятити корифеєві українського театру
300 _aС.13
955 _a0
041 _aukr
080 _a76
773 0 _w121658
650 7 _a76 Графічні мистецтва. Графіка
_2UDC
999 _c407780
_d407780